000 00706nam a2200217 i 4500
001 35323
003 ES-MaACL
005 20250902174537.0
007 t|
008 030212s1973 sp |||| | spa d
080 _a821.134.2(861) García Márquez, Gabriel 1.06
100 1 _aBollettino, Vincenzo.
_929988
245 1 0 _aBreve estudio de la novelística de García Marquez /
_cVincenzo Bollettino.
260 _aMadrid :
_bPlayor,
_c[1973]
300 _a176 p. ;
_c19 cm.
490 1 _aPlaza Mayor Scholar
600 1 4 _aGarcía Márquez, Gabriel,
_d1927-2014-
_xCrítica e interpretación
_954890
830 0 _aPlaza Mayor Scholar
_9181264
852 _aES-MaACL
_jC-52866
999 _c35323
_d35323